[Event "Madrid San Viator op 14th"]
[Site "Madrid"]
[Date "2010.05.23"]
[Round "8"]
[White "Sarabia Utrilla, Joaquin"]
[Black "Dominguez Lorenzo, Pablo Socrates"]
[Result "1-0"]
[WhiteElo "1795"]
[BlackElo "1977"]
[PlyCount "85"]
[EventDate "2010.03.28"]
[EventType "swiss"]
[EventRounds "9"]
[EventCountry "ESP"]
[SourceTitle "EXT 2011"]
[Source "ChessBase"]
[SourceDate "2010.11.26"]
[SourceVersion "1"]
[SourceVersionDate "2010.11.26"]
[SourceQuality "1"]

1. d4 d5 2. c4 c6 3. Nf3 Nf6 4. Nc3 dxc4 5. e3 b5 6. a4 b4 7. Nb1 Bf5 8. Bxc4 e6 9. Ne5 Bd6 10. Bd2 0-0 11. Qb3 c5 12. h3 Bxe5 13. dxe5 Ne4 14. Qd1 Nc6 15. 0-0 Nxe5 16. Be2 Qh4 17. Be1 Rad8 18. Qc1 Nd3 19. Bxd3 Rxd3 20. Qc2 Rfd8 21. f3 Ng3 22. Qf2 Rd1 23. e4 Rxe1 24. Rxe1 Bg6 25. Nd2 f5 26. Nf1 f4 27. Nxg3 fxg3 28. Qxc5 Qf4 29. Rad1 Qb8 30. Rxd8+ Qxd8 31. Qxb4 a5 32. Qb3 Qd4+ 33. Kh1 h6 34. Qxe6+ Bf7 35. Qc8+ Kh7 36. e5 Qf2 37. Qc1 Bd5 38. Rf1 Qe2 39. Qe1 Qc4 40. e6 Qxa4 41. e7 Bc6 42. Qe5 Qh4 43. e8Q 1-0

[Event "Madrid San Viator op 14th"]
[Site "Madrid"]
[Date "2010.05.09"]
[Round "6"]
[White "Ramos Aldoradin, John Paul"]
[Black "Dominguez Lorenzo, Pablo Socrates"]
[Result "1-0"]
[WhiteElo "2111"]
[BlackElo "1977"]
[PlyCount "68"]
[EventDate "2010.03.28"]
[EventType "swiss"]
[EventRounds "9"]
[EventCountry "ESP"]
[SourceTitle "EXT 2011"]
[Source "ChessBase"]
[SourceDate "2010.11.26"]
[SourceVersion "1"]
[SourceVersionDate "2010.11.26"]
[SourceQuality "1"]

1. e4 e6 2. d4 d5 3. Nd2 Nf6 4. e5 Ne4 5. Nxe4 dxe4 6. Bc4 c5 7. d5 Nd7 8. dxe6 fxe6 9. f4 exf3 10. Nxf3 Nb6 11. Qxd8+ Kxd8 12. Bd3 c4 13. Be4 Kc7 14. Be3 Bd7 15. 0-0-0 c3 16. b3 Bb4 17. Rd4 a5 18. a4 h6 19. Rd3 Rad8 20. Rhd1 Nc8 21. Bxb7 Ne7 22. Be4 Bc6 23. Bxc6 Rxd3 24. Rxd3 Nxc6 25. Kd1 Rf8 26. Ke2 Rf5 27. Bd4 Ne7 28. Bxc3 Nd5 29. Bxb4 axb4 30. Rd4 Kb6 31. h4 g5 32. hxg5 hxg5 33. g4 Rf7 34. Nxg5 Nc3+ 1-0

[Event "Madrid San Viator 9th"]
[Site "Madrid"]
[Date "2007.10.28"]
[Round "5.6"]
[White "Montero Montero, Juan Jose"]
[Black "Dominguez Lorenzo, Pablo Socrates"]
[Result "0-1"]
[WhiteElo "1705"]
[BlackElo "2039"]
[PlyCount "44"]
[EventDate "2007.09.30"]
[EventType "swiss"]
[EventRounds "9"]
[EventCountry "ESP"]
[SourceTitle "EXT 2024"]
[Source "ChessBase"]
[SourceDate "2023.10.10"]
[SourceVersion "1"]
[SourceVersionDate "2023.10.10"]
[SourceQuality "1"]

1. e4 e6 2. Nf3 d5 3. exd5 exd5 4. d4 Bd6 5. Be3 Ne7 6. Bd3 Bf5 7. 0-0 Nbc6 8. c3 Qd7 9. Re1 0-0-0 10. Bxf5 Nxf5 11. Nbd2 h6 12. h3 g5 13. Nh2 Nxe3 14. Rxe3 h5 15. b4 Ne7 16. a4 Nf5 17. Re1 g4 18. a5 gxh3 19. gxh3 Rdg8+ 20. Kh1 Nh4 21. Ndf3 Qxh3 22. Rg1 Nxf3 0-1

[Event "IECC CL2-2006.10 email"]
[Site "IECC email"]
[Date "2006.10.03"]
[Round "?"]
[White "Cade, Stephen"]
[Black "Dominguez Lorenzo, Pablo Socrates"]
[Result "1-0"]
[WhiteElo "2088"]
[BlackElo "1824"]
[PlyCount "75"]
[EventDate "2006.??.??"]
[EventType "tourn (corr)"]
[EventRounds "4"]
[SourceTitle "Corr 2008"]
[Source "ChessBase"]
[SourceDate "2008.06.24"]
[SourceVersion "1"]
[SourceVersionDate "2008.06.24"]
[SourceQuality "1"]

1. e4 e6 2. d4 d5 3. e5 c5 4. c3 Qb6 5. Nf3 Nc6 6. a3 Nh6 7. b4 cxd4 8. cxd4 Nf5 9. Bb2 Bd7 10. g4 Nh6 11. Rg1 Rc8 12. Nbd2 a6 13. Bd3 Na7 14. Ng5 Bb5 15. Ndf3 Bxd3 16. Qxd3 a5 17. Ke2 Be7 18. Bc3 Nb5 19. Bb2 axb4 20. axb4 Kd7 21. h3 Rc4 22. Rgc1 Rxb4 23. Rab1 Ra8 24. Kf1 Ra2 25. Ba1 Qa6 26. Rxb4 Bxb4 27. Kg2 Na3 28. Qb3 Qe2 29. Kh1 Rc2 30. Rxc2 Nxc2 31. Bc3 Qc4 32. Qxc2 Qxc3 33. Qxh7 Bf8 34. Qh8 Qa3 35. Kg2 Qe7 36. Nh7 Ke8 37. Ne1 b6 38. Nd3 1-0

[Event "IECC CL2-2006.10 email"]
[Site "IECC email"]
[Date "2006.10.03"]
[Round "?"]
[White "Dominguez Lorenzo, Pablo Socrates"]
[Black "Dvoinikov, Andrey Nikolaevich"]
[Result "1/2-1/2"]
[WhiteElo "1818"]
[BlackElo "2055"]
[PlyCount "59"]
[EventDate "2006.??.??"]
[EventType "tourn (corr)"]
[EventRounds "4"]
[SourceTitle "Corr 2015"]
[Source "ChessBase"]
[SourceDate "2015.07.17"]
[SourceVersion "1"]
[SourceVersionDate "2015.07.17"]
[SourceQuality "1"]
[WhiteTeam "Spain"]
[BlackTeam "Russia"]
[WhiteTeamCountry "ESP"]
[BlackTeamCountry "RUS"]

1. e4 c5 2. c3 Nf6 3. e5 Nd5 4. d4 cxd4 5. cxd4 d6 6. Nf3 Nc6 7. Bc4 Nb6 8. Bb5 dxe5 9. Nxe5 Bd7 10. Nc3 e6 11. 0-0 Be7 12. Qf3 0-0 13. Rd1 Nxe5 14. dxe5 Qc7 15. Qg3 Rfd8 16. Bh6 g6 17. Be2 Bc6 18. h4 Nd5 19. h5 Qa5 20. Ne4 Qb4 21. Bd3 Qxb2 22. Bg5 Nc3 23. Nxc3 Bxg5 24. Qxg5 Rxd3 25. Rxd3 Qxa1+ 26. Kh2 Qf1 27. Rd8+ Rxd8 28. Qxd8+ Kg7 29. Ne4 Bxe4 30. h6+ 1/2-1/2

[Event "IECC CL3-2006.01 email"]
[Site "IECC email"]
[Date "2006.02.02"]
[Round "?"]
[White "Bertel, Michael"]
[Black "Dominguez Lorenzo, Pablo Socrates"]
[Result "1/2-1/2"]
[WhiteElo "1871"]
[BlackElo "1851"]
[PlyCount "78"]
[EventDate "2006.??.??"]
[EventType "tourn (corr)"]
[EventRounds "4"]
[SourceTitle "Corr 2015"]
[Source "ChessBase"]
[SourceDate "2015.07.17"]
[SourceVersion "1"]
[SourceVersionDate "2015.07.17"]
[SourceQuality "1"]

1. e4 e6 2. c4 d5 3. exd5 exd5 4. d4 Bb4+ 5. Bd2 Bxd2+ 6. Nxd2 Nf6 7. Bd3 Nc6 8. Ngf3 Qe7+ 9. Qe2 Qxe2+ 10. Bxe2 0-0 11. cxd5 Nxd5 12. 0-0 Re8 13. Rfe1 Bf5 14. Bc4 Ndb4 15. Nb3 Nc2 16. Rxe8+ Rxe8 17. Rc1 a6 18. a3 h6 19. h3 g5 20. Bd5 Rd8 21. Bxc6 bxc6 22. Ne5 Rb8 23. Nxc6 Rxb3 24. Ne7+ Kh7 25. Nxf5 Rxb2 26. Ne3 Nxd4 27. Rxc7 Kg7 28. Rc4 Ne2+ 29. Kh2 Nf4 30. Rc6 Rxf2 31. Kg3 Rb2 32. Nf5+ Kh7 33. Rxh6+ Kg8 34. Rxa6 Rxg2+ 35. Kf3 Rg1 36. h4 Rf1+ 37. Kg3 Rg1+ 38. Kf2 Nh3+ 39. Ke2 gxh4 1/2-1/2

[Event "IECC CL3-2006.01 email"]
[Site "IECC email"]
[Date "2006.02.02"]
[Round "?"]
[White "Dominguez Lorenzo, Pablo Socrates"]
[Black "Djoudi, Brahim"]
[Result "1/2-1/2"]
[WhiteElo "1842"]
[BlackElo "1967"]
[PlyCount "47"]
[EventDate "2006.??.??"]
[EventType "tourn (corr)"]
[EventRounds "4"]
[SourceTitle "Corr 2015"]
[Source "ChessBase"]
[SourceDate "2015.07.17"]
[SourceVersion "1"]
[SourceVersionDate "2015.07.17"]
[SourceQuality "1"]

1. e4 c5 2. c3 Nf6 3. e5 Nd5 4. d4 cxd4 5. cxd4 d6 6. Nf3 Nc6 7. Bc4 Nb6 8. Bb5 dxe5 9. Nxe5 Bd7 10. Nc3 Nxe5 11. dxe5 Bxb5 12. Nxb5 Qxd1+ 13. Kxd1 Nd5 14. Ke2 a6 15. Rd1 0-0-0 16. Nd4 e6 17. Bd2 Be7 18. Rac1+ Kd7 19. Nc2 Rc8 20. Ne3 b5 21. Bc3 b4 22. Bd4 Rxc1 23. Rxc1 Nxe3 24. Bxe3 1/2-1/2

[Event "IECC TH-M-2535"]
[Site "IECC email"]
[Date "2005.03.29"]
[Round "?"]
[White "Van Laar, Jan"]
[Black "Dominguez Lorenzo, Pablo Socrates"]
[Result "1-0"]
[WhiteElo "1849"]
[BlackElo "1899"]
[PlyCount "53"]
[EventDate "2005.??.??"]
[EventType "match (corr)"]
[EventRounds "2"]
[SourceTitle "Corr 2008"]
[Source "ChessBase"]
[SourceDate "2008.06.24"]
[SourceVersion "1"]
[SourceVersionDate "2008.06.24"]
[SourceQuality "1"]

1. e4 e6 2. d4 d5 3. Nc3 Nf6 4. Bg5 Be7 5. e5 Ne4 6. Bxe7 Qxe7 7. Nxe4 dxe4 8. Qe2 b6 9. 0-0-0 Bb7 10. g3 c5 11. Bg2 Nc6 12. dxc5 Qg5+ 13. Kb1 Qxe5 14. cxb6 f5 15. bxa7 Rxa7 16. Qe3 Qa5 17. a3 0-0 18. Qb3 Rfa8 19. Qxe6+ Kh8 20. Nh3 h6 21. Rd7 Rd8 22. Rxd8+ Qxd8 23. Qxf5 Ne7 24. Qg4 Nd5 25. Nf4 Nc3+ 26. bxc3 Rxa3 27. Qxg7+ 1-0